[Event "San Jose op"]
[Site "San Jose"]
[Date "1998.??.??"]
[Round "4"]
[White "Arnal, JL."]
[Black "Garcia Mendez, Beatriz"]
[Result "1/2-1/2"]
[WhiteElo "1720"]
[BlackElo "1960"]
[PlyCount "86"]
[EventDate "1998.??.??"]
[EventType "swiss"]
[EventRounds "9"]
[EventCountry "ESP"]
[SourceTitle "EXT 2000"]
[Source "ChessBase"]
[SourceDate "1999.11.16"]
[SourceVersion "1"]
[SourceVersionDate "1999.11.16"]
[SourceQuality "1"]

1. e4 g6 2. d4 Bg7 3. c3 d5 4. Bd3 dxe4 5. Bxe4 Nf6 6. Bc2 0-0 7. Nf3 Bg4 8. h3 Bxf3 9. Qxf3 c6 10. Nd2 Nbd7 11. 0-0 e5 12. Nb3 Qc7 13. Be3 Rfe8 14. Nd2 Re7 15. Rae1 Rae8 16. Qd1 c5 17. dxe5 Nxe5 18. Nf3 Rd8 19. Qe2 Nd5 20. Bg5 f6 21. Bc1 c4 22. Nxe5 Rxe5 23. Qg4 Rde8 24. Rxe5 Rxe5 25. Qg3 Qe7 26. Qf3 b5 27. b3 Nb6 28. bxc4 Nxc4 29. Qa8+ Kf7 30. Bb3 Re4 31. Be3 f5 32. Qxa7 Qxa7 33. Bxa7 Bxc3 34. Rd1 Ke8 35. f3 Re2 36. Bxc4 bxc4 37. Rc1 Re1+ 38. Rxe1+ Bxe1 39. Be3 Kd7 40. Kf1 Bc3 41. Ke2 Kc6 42. Bd2 Bd4 43. Kd1 Kb5 1/2-1/2

[Event "San Jose op"]
[Site "San Jose"]
[Date "1998.??.??"]
[Round "6"]
[White "Arnal, JL."]
[Black "Pellicer, Jorge Echaniz"]
[Result "1-0"]
[WhiteElo "1720"]
[BlackElo "1955"]
[PlyCount "79"]
[EventDate "1998.??.??"]
[EventType "swiss"]
[EventRounds "9"]
[EventCountry "ESP"]
[SourceTitle "EXT 2000"]
[Source "ChessBase"]
[SourceDate "1999.11.16"]
[SourceVersion "1"]
[SourceVersionDate "1999.11.16"]
[SourceQuality "1"]

1. e4 e5 2. Nc3 Nc6 3. f4 Bb4 4. Nf3 d6 5. fxe5 dxe5 6. Nd5 Ba5 7. c3 Bg4 8. Bc4 Nf6 9. Qe2 Bxf3 10. Qxf3 0-0 11. 0-0 Nxd5 12. Bxd5 Qe7 13. d3 Nd8 14. Qg3 Qd6 15. Bg5 Qg6 16. Qxe5 Kh8 17. Be3 c6 18. Bb3 Bb6 19. Bxb6 axb6 20. Qe7 Kg8 21. Rf3 Ne6 22. Raf1 Rae8 23. Qxb7 Ng5 24. Rg3 Rb8 25. Qe7 Rbe8 26. Qxg5 Qxg5 27. Rxg5 Re7 28. e5 h6 29. Rgf5 g6 30. R5f3 Kg7 31. d4 Rc7 32. d5 cxd5 33. Bxd5 Re7 34. c4 Rc7 35. b4 h5 36. a4 Re7 37. Rxf7+ Rexf7 38. Rxf7+ Rxf7 39. Bxf7 Kxf7 40. a5 1-0